书目信息 |
| 题名: |
新文化运动百年祭
|
|
| 作者: | 邓秉元 著 | |
| 分册: | ||
| 出版信息: | 上海 上海人民出版社 2019.04 |
|
| 页数: | 234页 | |
| 开本: | 19cm | |
| 丛书名: | ||
| 单 册: | ||
| 中图分类: | K261.107 , K820.6 | |
| 科图分类: | ||
| 主题词: | 五四运动--wu si yun dong--研究--文集 , 历史人物--li shi ren wu--人物研究--中国--现代--文集 | |
| 电子资源: | ||
| ISBN: | 978-7-208-15756-9 | |
| 000 | 01080nam0 2200277 450 | |
| 001 | CAL 0120192730671 | |
| 005 | 20190509105310.7 | |
| 010 | @a978-7-208-15756-9@b精装@dCNY48.00 | |
| 100 | @a20190509d2019 em y0chiy50 ea | |
| 101 | 0 | @achi |
| 102 | @aCN@b310000 | |
| 105 | @ay a 000yc | |
| 106 | @ar | |
| 200 | 1 | @a新文化运动百年祭@Axin wen hua yun dong bai nian ji@f邓秉元著@Fdeng bing yuan zhu |
| 210 | @a上海@c上海人民出版社@d2019.04 | |
| 215 | @a234页@d19cm | |
| 320 | @a有书目 | |
| 330 | @a本书收录作者近年在《文汇学人》《中华读书报》发表的关于章太炎、唐文治、梁启超、熊十力、周予同等人在近代学术转折过程中的地位与贡献的研究, 揭示了所谓“旧文化”暨传统经学在近代的转折过程, 呈现出不同于西式“新文化”叙事的另一种声音, 为传统文化如何焕发生机提供了深刻的思考。 | |
| 586 | @a | |
| 606 | 0 | @a五四运动@Awu si yun dong@x研究@j文集 |
| 606 | 0 | @a历史人物@Ali shi ren wu@x人物研究@y中国@z现代@j文集 |
| 690 | @aK261.107@v5 | |
| 690 | @aK820.6@v5 | |
| 701 | 0 | @a邓秉元@Adeng bing yuan@4著 |
| 801 | 0 | @aCN@c20190509 |
| 905 | @a河南城建学院图书馆@dK261.107@eD268@f2 | |
| 新文化运动百年祭/邓秉元著.-上海:上海人民出版社,2019.04 |
| 234页;19cm |
| ISBN 978-7-208-15756-9(精装):CNY48.00 |
| 本书收录作者近年在《文汇学人》《中华读书报》发表的关于章太炎、唐文治、梁启超、熊十力、周予同等人在近代学术转折过程中的地位与贡献的研究, 揭示了所谓“旧文化”暨传统经学在近代的转折过程, 呈现出不同于西式“新文化”叙事的另一种声音, 为传统文化如何焕发生机提供了深刻的思考。 |
| ● |
| 相关链接 |
|
|
|
正题名:新文化运动百年祭
索取号:K261.107/D268
 
预约/预借
| 序号 | 登录号 | 条形码 | 馆藏地/架位号 | 状态 | 备注 |
| 1 | 1411158 | 214111584 | 社科库309/309社科库 36排1列4层/ [索取号:K261.107/D268] | 在馆 | |
| 2 | 1411159 | 214111593 | 社科库309/309社科库 36排1列4层/ [索取号:K261.107/D268] | 在馆 |